00318nam a2200109Ia 4500008004000000082001500040100003000055245004800085260004100133300001100174650002300185210210b1973 xxu||||| |||| 00| 0 eng d a540.2 AHUE aAHUJA (Jewan) and Others. aElementary numerical problems in chemistry. aJullundurbVishal Publicationsc1973 aiv,140 aNumerical Problems